000 00411nam a2200193Ia 4500
008 240510s9999 xx 000 0 und d
041 _aEng
082 _a004
082 _bG86
100 _aGUPTA V.
245 0 _aRAPIDEX COMPUTER COURSE
250 _a4th ed.
260 _bDELHI : PUSTAK MAHAL
260 _c1998
300 _a528 p.
650 _aCOMPUTER SCIENCE
942 _2ddc
942 _cLBK
999 _c24302
_d24302
945 _a1
_bMadushi Gamage
_c1
_dMadushi Gamage